Book, Movie, Song: 'C' Words Quiz Stats

 Plays Quiz Updated Aug 6, 2015

Challenge
Share
Tweet
Embed
Score 0/24 Timer 04:00
3 Plays Today
% Correct
Color, Cabin, California
96.2%
Cruel, Confederacy, Cast
90.6%
Carried, Carnal, Car
88.4%
Caged, Chain, Canterbury
85%
Cincinnati, Caught, Caspian
84.8%
Call, Catching, Cactus
83%
Carpet, Childhood's, Cry
82.7%
Cold, Chicken, Christmas
79.1%
Castle, Confusion, Chronicles
76.4%
Come, Cat, Crazy
72.4%
Candles, Cholera, Capricorn
71.1%
Comes, City, Cooking
69.1%
% Correct
Child, Crowd, Cluny
69.1%
Cannery, Claire's, City
68.5%
Casterbridge, Crazy, Clawdy
68%
Compass, Caine, Cry
67.6%
Cold, Continental, Cry
66%
Chain, Canticle, Coogan's
65.7%
Cathy's, Children, Christmas
65.6%
California, Clay, Charley
64.9%
Cop, Cloud, Creek
61.8%
Cheyenne, Chapel, Cedars
59.3%
Cutter's, Crank, Chronicle
56.2%
Captain, Calling, Castle
52.5%

You're not logged in!

Compare scores with friends on all Sporcle quizzes.
Join for Free
OR
Log In

You Might Also Like...

Show Comments

Extras

Top Quizzes Today


Score Distribution

Your Account Isn't Verified!

In order to create a playlist on Sporcle, you need to verify the email address you used during registration. Go to your Sporcle Settings to finish the process.

Report this User

Report this user for behavior that violates our Community Guidelines.

Details: